Statistics for Tottenham Hotspur Current Squad

Click here to take the quiz!

General Stats

  • This quiz has been taken 11,535 times
    (817 since last reset)
  • The average score is 22 of 36

Answer Stats

#Player% Correct
7Heung-min Son
99%
9Richarlison
94%
17Cristian Romero
91%
13Guglielmo Vicario
89%
10James Maddison
89%
38Destiny Udogie
83%
37Micky van de Ven
83%
21Dejan Kulusevski
81%
23Pedro Porro
81%
8Yves Bissouma
80%
33Ben Davies
77%
5Pierre-Emile Højbjerg
77%
22Brennan Johnson
76%
12Emerson Royal
76%
29Pape Matar Sarr
76%
4Oliver Skipp
70%
16Timo Werner
68%
30Rodrigo Bentancur
67%
Head CoachAnge Postecoglou
66%
15Eric Dier
63%
11Bryan Gil
61%
6Radu Drăgușin
60%
18Giovani Lo Celso
59%
20Fraser Forster
58%
27Manor Solomon
43%
19Ryan Sessegnon
43%
42Harvey White
40%
36Alejo Véliz
39%
41Alfie Whiteman
37%
40Brandon Austin
37%
14Ivan Perišić
37%
3Sergio Reguilón
37%
28Tanguy Ndombele
29%
35Ashley Phillips
27%
25Japhet Tanganga
26%
24Djed Spence
24%

Score Distribution

Percentile by Number Answered

Percent of People with Each Score

Your Score History

You have not taken this quiz since the last reset